Najlepsze Kluby Piłkarskie w Europie - Statystyki

Ogólne statystyki
  • Ten quiz został rozwiązany 14 808 razy
  • Średni wynik to 12 z 19
Statystyki odpowiedzi
Liga Klub % Poprawnych
La Liga Real Madryt
97%
La Liga FC Barcelona
93%
Premier League Manchester City
81%
Bundesliga Bayern
79%
Premier League Manchester United
78%
Ligue A PSG
78%
Premier League Liverpool
76%
Seria A Juventus
75%
Bundesliga Borussia
74%
Premier League Arsenal
71%
Premier League Chelsea
68%
Seria A Napoli
58%
Premier League Tottenham
56%
Serie A Milan
52%
La Liga Sevilla
46%
Ligue A Lyon
35%
Ligue A Monaco
32%
La Liga Valencia
32%
Bundesliga Schalke
21%
Nie znaleziono quizów pasujących do podanych kryteriów
Rozkład punktacji
Procent ludzi z każdym wynikiem
Percentyl według liczby udzielonych odpowiedzi
Twoja historia wyników
Nie rozwiązałeś tego quizu